000
00288nam a22001097a 4500
008
230621b xxu||||| |||| 00| 0 eng d
082
_a
328.30
_b
NOR 1983
245
_a
Canadian Parliamentary Guide
_b
1982-1983
260
_a
Canada
_b
Droits d' auteur
_c
1983
300
_a
1343p
942
_2
ddc
_c
BK
999
_c
2321
_d
2321